| 000 | 01492cam a2200301 a 4500 | ||
|---|---|---|---|
| 001 | 2769 | ||
| 005 | 20240112155305.0 | ||
| 020 | _a9781407157450 | ||
| 040 |
_aOCo _cOCo _dCSbC _dDLC _beng |
||
| 050 | 0 | 0 |
_aPZ7.S86037 _b1994 |
| 082 | 0 | 0 | _a813.6 |
| 100 | 1 | _aStine, R. L. | |
| 245 | 1 | 0 |
_aOne day at HorrorLand / _cR.L. Stine |
| 250 | _aFirst Published in the US | ||
| 260 |
_aNew York : _bScholastic Inc., _c1994 |
||
| 300 |
_a123 pages : _c21 cm . _billustrations ; |
||
| 490 | 1 |
_aGoosebumps _vBook 4 |
|
| 505 | _aJ | ||
| 520 | _aDiscover the original bone-chilling adventures that made Goosebumps one of the bestselling children's books series of all time. Now with all-new bonus materials! Werewolf Village. The Doom Slide. The Coffin Cruise. These are just a few of the terrifying attractions that await Luke and Lizzy Morris at HorrorLand. Step right up and join the Morris family as they ride each ride--and scream each scream--for the very first time. Because it might also be their last.LOOK in the back of the BOOK: This special collector's edition includes a secret guide to the new Goosebumps HorrorLand series, tips & tricks for the Goosebumps HorrorLand video game, and more!. | ||
| 521 | 0 |
_a490
_bLexile |
|
| 521 | 1 |
_aJ
_bRaz-Plus |
|
| 650 | 1 |
_aAmusement parks _xFiction. |
|
| 650 | 0 | _aHorror tales. | |
| 655 | 7 |
_aFantasy fiction. _2gsafd |
|
| 655 | 7 |
_aHorror fiction. _2gsafd |
|
| 906 |
_a7 _bcbc _ccopycat _d3 _encip _f19 _gy-gencatlg |
||
| 942 |
_2ddc _cBK _n0 |
||
| 999 |
_c2769 _d2769 |
||